|
|
|
|
| LEADER |
00000naa2a2200000 4500 |
| 001 |
198242 |
| 005 |
20231031183938.0 |
| 035 |
|
|
|a (RuTPU)RU\TPU\book\216229
|
| 035 |
|
|
|a RU\TPU\book\216228
|
| 090 |
|
|
|a 198242
|
| 100 |
|
|
|a 20110627d2004 k y0rusy50 ca
|
| 101 |
0 |
|
|a rus
|
| 102 |
|
|
|a RU
|
| 200 |
1 |
|
|a Процессы наложенного эпигенеза и их роль в становлении залежей углеводородов
|f Н. Ф. Столбова
|
| 320 |
|
|
|a Библиогр.: 3 назв.
|
| 463 |
|
0 |
|0 (RuTPU)RU\TPU\book\75458
|t Проблемы и перспективы развития минерально-сырьевого комплекса и производительных сил Томской области
|o материалы научно-практической конференции, г. Томск, 2004 г.
|f Администрация Томской области; Государственная Дума Томской области; Под ред. А. Э. Конторовича; В. С. Суркова
|v С. 103-105
|d 2004
|p 291 с.
|
| 610 |
1 |
|
|a труды учёных ТПУ
|
| 700 |
|
1 |
|a Столбова
|b Н. Ф.
|c российский геолог
|c доцент Томского политехнического университета
|f 1940-
|g Нэля Фeдоровна
|2 stltpush
|3 (RuTPU)RU\TPU\pers\26073
|
| 801 |
|
1 |
|a RU
|b 63413507
|c 20110627
|
| 801 |
|
2 |
|a RU
|b 63413507
|c 20110627
|g RCR
|
| 942 |
|
|
|c BK
|